Terraria Mini-Bosses - Statistics

General Stats
  • This quiz has been taken 17 times
  • The average score is 14 of 21
Answer Stats
Hint Answer % Correct
"[Enemies] which fall to Corruption grow larger and more powerful as a result. They can be birthed from ordinary chests by force." Corrupt Mimic
100%
"[Enemies] which are enthralled by the Crimson are empowered dramatically. They can be birthed from ordinary chests by force." Crimson Mimic
100%
"[Enemies] struck with the blessing surge with energy and become powerful. They can be birthed from ordinary chests by force." Hallowed Mimic
91%
"A colossal dragon-like creature unleashed along with the ancient spirits. It rules the skies with its unrivaled might." Wyvern
91%
"It's said that centuries ago, there was once a clan of ninjas that hid in the shadows of the world. It seems they are long dead now." Bone Lee
82%
celebrationmk10 and get fixed boi exclusive variant "Beware the Jungle's hidden guardians! These [Enemies] aren't just looking for a fight; they're looking to keep the world a little greener."[stupid placeholder] Jungle Mimic
82%
"In distant history, these mighty undead knights once guarded a prosperous city before a massive curse befell them." Paladin
82%
"Sub-zero temperatures, blinding snow flurries, and being blasted apart by an icy construct are some of the dangers of blizzards." Ice Golem
73%
"A behemoth of an insect attracted to the eerie anti-glow of a solar eclipse. With a rapid gestation period, it multiplies quickly." Mothron
73%
"A large, worm-like demon, dripping with blood - both its own, and its victim's. It's a bloody nightmare of a fiend!" Blood Eel
64%
"An enormous shelled water demon which feeds off the negative energy of a Blood Moon. Brutally responds to being pestered." Dreadnautilus
64%
"A[n Enemy]'s love for riches is only rivaled by his obsession with heavy gunpowder and large, rampart-shattering cannons!" Pirate Captain
64%
"The most intense sandstorms draw forth powerful earth [enemies]. With this feminine form, her tornadoes tear all asunder." Sand Elemental
64%
"This menacing nightmare rides out into the night to harvest living souls on his seeing-eye horse, for he has no head of his own." Headless Horseman
55%
"Half-shark, half-goblin, completely murderous! One of the numerous reasons to just stay home during a Blood Moon." Hemogoblin Shark
55%
"Every year, [Enemy] is tasked to punish all of the naughty children, but he's taken the day off to participate in this mayhem instead!" Krampus
55%
"An intelligent being who seeks out souls to steal, utilizing nails from his own body both as a weapon and as defensive measures." Nailhead
55%
"An ill-tempered ape from cold, snowy regions to the north. They do not appreciate festivity, so they've come to spoil all the fun." Yeti
55%
"Gifted in the darkest of magics, she conjures unfathomable shadowflame ghasts through a powerful hex." Goblin Warlock
36%
"Wrapped in celestial energy, this worm-like creature seems invincible. Having no eyes, it seeks vibrations throughout the air." Crawltipede
27%
"A wonder of Martian technology constructed from the strongest metals and infused with biological components." Martian Walker
27%
No matching quizzes found
Score Distribution
Percent of People with Each Score
Percentile by Number Answered
Your Score History
You have not taken this quiz